Statistics : (Record no. 1783)

MARC details
000 -LEADER
fixed length control field 01017nac a22002891ic4500
003 - CONTROL NUMBER IDENTIFIER
control field EG-ScBUE
005 - DATE AND TIME OF LATEST TRANSACTION
control field 20250218093755.0
008 - FIXED-LENGTH DATA ELEMENTS--GENERAL INFORMATION
fixed length control field 250211s1962 enka f f001 0 eng d
035 ## - SYSTEM CONTROL NUMBER
System control number (OCoLC)16746178
040 ## - CATALOGING SOURCE
Original cataloging agency EG-ScBUE
Language of cataloging eng
Description conventions rda
Transcribing agency EG-ScBUE
Modifying agency EG-ScBUE
082 04 - DEWEY DECIMAL CLASSIFICATION NUMBER
Classification number 519
Item number JOH
Edition number 22
100 1# - MAIN ENTRY--PERSONAL NAME
Personal name Johnson, Norman Lloyd,
Relator term author.
245 10 - TITLE STATEMENT
Title Statistics :
Remainder of title an intermediate text book.
Number of part/section of a work volume 1 /
Statement of responsibility, etc By N. L. Johnson, M.Sc., PH.D., F.I.A., and H. Tetley, M.A., F.I.A.
250 ## - EDITION STATEMENT
Edition statement Second edition.
264 ## - PUBLICATION, DISTRIBUTION, ETC. (IMPRINT)
Place of publication, distribution, etc London ;
-- New York, N. Y :
Name of publisher, distributor, etc The Syndics of the Cambridge University Press,
Date of publication, distribution, etc 1962.
300 ## - PHYSICAL DESCRIPTION
Extent xii, 304 pages :
Other physical details illustrations, tables ;
Dimensions 22 cm
336 ## - CONTENT TYPE
Source rdacontent
Content type term text
Content type code txt
337 ## - MEDIA TYPE
Media type term unmediated
Source rdamedia
Media type code n
338 ## - CARRIER TYPE
Carrier type term volume
Carrier type code nc
Source rdacarrier
500 ## - GENERAL NOTE
General note Includes index.<br/>
500 ## - GENERAL NOTE
General note Includes appendix.<br/>
650 #7 - SUBJECT ADDED ENTRY--TOPICAL TERM
Topical term or geographic name as entry element Statistics.
Source of heading or term BUEsh
655 ## - INDEX TERM--GENRE/FORM
Form subdivision Reading book
700 1# - ADDED ENTRY--PERSONAL NAME
Personal name Tetley, H.,
Relator term author.
942 ## - ADDED ENTRY ELEMENTS (KOHA)
Koha item type Book - Borrowing
Source of classification or shelving scheme Dewey Decimal Classification
Holdings
Withdrawn status Lost status Source of classification or shelving scheme Damaged status Not for loan Collection code Home library Current library Shelving location Date acquired Source of acquisition Total Checkouts Full call number Barcode Date last seen Price effective from Koha item type
    Dewey Decimal Classification     Baccah Central Library Central Library First floor 06/12/2014 Purchase   519 JOH 000002534 15/07/2025 14/12/2006 Book - Borrowing